00913nam a22002777a 450000500170000000800410001701000100005801100100006803500100007808200180008810000320010624500620013826000310020030000190023150000120025059000410026259000410030359000410034459000420038565000470042765000410047465000390051590100070055494900570056199900170061820220329141257.0971010s1990 r 00010 d a65615 a66587 a74982 a636.085bP47y00aPerry, Tilden Wayne.987311 aAlimentación y nutrición del ganado vacuno para carne aZaragoza :bAcribia,c1990 a417 p.b: ilus a1992/71 aBATCH-UPDb10c20130110lUCH01h2019 aBATCH-UPDb10c20130410lUCH01h1337 aBATCH-UPDb10c20130914lUCH01h1510 aCONVERSIONb10c20130109lUCH01h133614aAlimentos y alimentacion del ganado.9432614aGanado de carnexNutrición.94509914aGanado vacunoxNutrición.945498 aBK a636.085 P47ybZcLIBROd-7898eLIBROh1139i74982si c65615d65615